00728 2200241 4500001002100000005001700021008004100038020002200079035002400101040001200125082001100137084002100148100002400169245009800193250001000291260003400301300003400335500002900369650004000398700001400438850001200452990002200464INLIS00000000002595920170302145844.0  a978-602-19603-5-6 0010-031700000000069 aYOPDYOG a361.07 aDEP 361.07 And P aANDAYANI LISTYAWATI aPemberdayaan keluarga berbasis kelompok masyarakatc/ Andayani Listyawati ; editor, Suhartono aCet.1 aYogyakartabTotal Mediac2016 aix, 75 hlm.b: ilus.c; 21 cm aBibliografi : hlm. 72-74 aKesejahteraan masyarakat-Penelitian aSuhartono aYOPDYOG aCB-D.11/2016-1426